Statistiken für Länder am nächsten zu Gambia - 30-Sekunden-Sprint

Klicken Sie hier um das Quiz zu spielen!

Allgemein

  • Dieses Quiz wurde 80 mal gespielt
  • Das Durchschnittsergebnis liegt bei 10 aus 20

Antwortstatistiken

kmLand% Korrekt
0Senegal
89%
214Mauretanien
86%
1357Marokko
83%
74Guinea
77%
189Mali
76%
61Guinea-Bissau
67%
413Sierra Leone
61%
1221Ghana
56%
665Liberia
56%
1584Algerien
52%
1511Niger
52%
721Côte d'Ivoire
47%
940Burkina Faso
42%
1505Togo
42%
1868Nigeria
41%
1615Benin
35%
700Cabo Verde
30%
1548Spanien
9%
799Westsahara
9%
2099Portugal
5%

Verteilung der Resultate

Perzentil nach korrekt beantworteten Fragen

Anzahl Personen mit jedem Resultat

Ihre Resultats-Entwicklung

Sie haben dieses Quiz noch nicht gespielt